00546 a2200181 450000500170000000800410001702000310005804000090008908200170009810000290011524500560014426000370020030000130023765000180025065000280026865000440029665100240034020240709163604.0240709b |||||||| |||| 00| 0 eng d a9788131600306cRs. 1895.00 aMAIN a301.24bS13S aSomayaji, Sakarama, ed. aSociology of globalisation: Perspectives from India bRawat Publicationsc2023aJaipur axvi, 448 aGlobalisation aImpact of Globalisation aGlobalisation and Socio-Cultural Change aGlobalisation-India